Total Digest Vol.I (Record no. 20326)

MARC details
000 -LEADER
fixed length control field 00262nam a22001097a 4500
008 - FIXED-LENGTH DATA ELEMENTS--GENERAL INFORMATION
fixed length control field 231205b |||||||| |||| 00| 0 eng d
100 ## - MAIN ENTRY--AUTHOR NAME
Personal name B.S. Chawla
245 ## - TITLE STATEMENT
Title Total Digest Vol.I
260 ## - PUBLICATION, DISTRIBUTION, ETC. (IMPRINT)
Place of publication Chandigarh
Name of publisher Chawla Pub.
Year of publication 1997
300 ## - PHYSICAL DESCRIPTION
Number of Pages 728
942 ## - ADDED ENTRY ELEMENTS (KOHA)
Source of classification or shelving scheme Dewey Decimal Classification
Koha item type Books
Holdings
Accession Number Source of acquisition Price effective from Koha item type Withdrawn / writtenoff status Damaged status Not for loan Permanent Location Current Location Shelving location Date acquired Lost/ Missing status department
LLB 1014 Donated By Dr. Kiran Chaudhary & Mr. Sushil Chaudhary 12/05/2023 Books       MIET Library, Jammu MIET Library, Jammu 199/1 12/02/2023   BBA LLB